000 01549cam a22003734a 4500
001 12025998
003 OSt
005 20170105102904.0
008 000531r20022001enk b 001 0 eng
010 _a 00044119
020 _a033520547X
020 _a0335205461 (pbk.)
040 _aDLC
_cDLC
_dDLC
042 _apcc
050 0 0 _aTK7882.E2
_bL965 2002
082 0 0 _a303.483
_221
_bLYO 2002
100 1 _aLyon, David,
_d1948-
245 1 0 _aSurveillance society :
_bmonitoring everyday life /
_cDavid Lyon.
260 _aBuckingham [England] ;
_aPhiladelphia :
_bOpen University Press,
_c2002.
300 _axii, 189 p. ;
_c23 cm.
440 0 _aIssues in society
500 _aReprint. Originally published: 2001.
504 _aIncludes bibliographical references (p. [174]-180) and index.
650 0 _aElectronic surveillance.
650 0 _aElectronic surveillance
_xSocial aspects.
650 0 _aComputers and civilization.
650 0 _aInformation technology
_xSocial aspects.
856 4 2 _3Publisher description
_uhttp://www.loc.gov/catdir/description/mh051/00044119.html
856 4 2 _3Contributor biographical information
_uhttp://www.loc.gov/catdir/bios/mh051/00044119.html
856 4 1 _3Table of contents
_uhttp://www.loc.gov/catdir/toc/mh051/00044119.html
906 _a7
_bcbc
_corignew
_d1
_eocip
_f20
_gy-gencatlg
942 _2ddc
_cBK
999 _c14760
_d14760